التجارة الالكترونية العالمية / (رقم التسجيلة. 88330)

تفاصيل مارك
000 -LEADER
fixed length control field 013160am a22003130004500
003 - CONTROL NUMBER IDENTIFIER
control field EG-GiCUC
008 - FIXED-LENGTH DATA ELEMENTS--GENERAL INFORMATION
fixed length control field 061101s2003 ua g 000 0 ara d
017 ## - COPYRIGHT OR LEGAL DEPOSIT NUMBER
Copyright or legal deposit number 2003 / 20782
Assigning agency مصر.دار الكتب
020 ## - INTERNATIONAL STANDARD BOOK NUMBER
International Standard Book Number 977320104x
040 ## - CATALOGING SOURCE
Original cataloging agency EG-GiCUC
Language of cataloging ara
Transcribing agency EG-GiCUC
050 #4 - LIBRARY OF CONGRESS CALL NUMBER
Classification number HF5548.32.
Item number M3 2003
092 04 - LOCALLY ASSIGNED DEWEY CALL NUMBER (OCLC)
Classification number 658.84
Item number M2826
Edition number 21
099 ## - LOCAL FREE-TEXT CALL NUMBER (OCLC)
Classification number 04
-- 658.84 M2826
100 1# - MAIN ENTRY--PERSONAL NAME
Personal name مان : كاثرين ل.
245 12 - TITLE STATEMENT
Title التجارة الالكترونية العالمية /
Statement of responsibility, etc. كاثرين ل.مان : سو ا.ايكيرت : سارة كليلاند نايت ؛ ترجمة الشحات منصور
260 ## - PUBLICATION, DISTRIBUTION, ETC.
Place of publication, distribution, etc. القاهرة :
Name of publisher, distributor, etc. مركزالاهرام للترجمة و النشر :
Date of publication, distribution, etc. 2003
300 ## - PHYSICAL DESCRIPTION
Extent ix : 213ص ؛
Dimensions 26سم
440 #0 - SERIES STATEMENT/ADDED ENTRY--TITLE
Title اوليات السياسة
504 ## - BIBLIOGRAPHY, ETC. NOTE
Bibliography, etc. note يشتمل على ارجاعات ببليوجرافية (ص195-200)
546 ## - LANGUAGE NOTE
Language note الترجمة العربية لـ : Global electronic commerce : a policy primer
650 #4 - SUBJECT ADDED ENTRY--TOPICAL TERM
Topical term or geographic name entry element التجارة الالكترونية
700 1# - ADDED ENTRY--PERSONAL NAME
Personal name ايكيرت : سو ا.
Relator term
700 1# - ADDED ENTRY--PERSONAL NAME
Personal name منصور : الشحات
Relator term
700 1# - ADDED ENTRY--PERSONAL NAME
Personal name نايت : سارة كليلاند
Relator term
902 ## - LOCAL DATA ELEMENT B, LDB (RLIN)
No. of Items 2
905 ## - LOCAL DATA ELEMENT E, LDE (RLIN)
Cataloger ايمان ع
Reviser مدخل
905 ## - LOCAL DATA ELEMENT E, LDE (RLIN)
Cataloger ايمان ع
Reviser مراجع
942 ## - ADDED ENTRY ELEMENTS (KOHA)
Source of classification or shelving scheme Dewey Decimal Classification
Koha item type Books
المقتنيات
Source of classification or shelving scheme Not for loan Home library Current library Date acquired Full call number Barcode Date last seen Copy number Koha item type
Dewey Decimal Classification   المكتبة المركزبة الجديدة - جامعة القاهرة قاعة الكتب - الدور الثاني 11.02.2024 658.84 M2826 01000100110568000 22.09.2023 C.1 Books
Dewey Decimal Classification   المكتبة المركزبة الجديدة - جامعة القاهرة قاعة الكتب - الدور الثاني 11.02.2024 658.84 M2826 01000100110569000 22.09.2023 C.2 Books
Cairo University Libraries Portal Implemented & Customized by: Eng. M. Mohamady Contacts: new-lib@cl.cu.edu.eg | cnul@cl.cu.edu.eg
CUCL logo CNUL logo
© All rights reserved — Cairo University Libraries
CUCL logo
Implemented & Customized by: Eng. M. Mohamady Contact: new-lib@cl.cu.edu.eg © All rights reserved — New Central Library
CNUL logo
Implemented & Customized by: Eng. M. Mohamady Contact: cnul@cl.cu.edu.eg © All rights reserved — Cairo National University Library